[Event "Australian Masters"]
[Site "Melbourne AUS"]
[Date "2000.07.01"]
[Round "8"]
[White "Hacche,D"]
[Black "Levi,E"]
[Result "1-0"]
[WhiteElo "2214"]
[BlackElo "2258"]

1.Nf3 d5 2.c4 d4 3.g3 g6 4.Bg2 Bg7 5.d3 Nf6 6.O-O O-O 7.b4 c5 8.bxc5 Nc6
9.Nbd2 e5 10.Rb1 Re8 11.Ng5 h6 12.Nge4 Bf8 13.Nxf6+ Qxf6 14.Ne4 Qe6 15.Qa4 Kh7
16.Ba3 Re7 17.Nd6 Qd7 18.Nxb7 Bxb7 19.Rxb7 Qxb7 20.Bxc6 Qc8 21.Bxa8 Qxa8
22.c6 Rc7 23.Bxf8 Qxf8 24.Rb1 Qc8 25.Rb5 e4 26.Qb4 exd3 27.exd3 Qg4 28.Qd2 Rxc6
29.Qf4 Qxf4 30.gxf4 Ra6 31.Rd5 Rxa2 32.Rxd4 Kg7 33.Rd6 Kf8 34.Kg2 Ke7 35.c5 a5
36.Kf3 a4 37.Ra6 a3 38.Ke4 Rxf2 39.Rxa3 Rxh2 40.d4 h5 41.d5 h4 42.Ra7+ Kf6
43.d6 Rd2 44.Ra3 Ke6 45.Rc3 h3 46.Rxh3 f5+ 47.Ke3 Rd5 48.Rh6 Kf6 49.Rh8 Ke6
50.Rc8 Rd1 51.Re8+ Kd7 52.Re7+ Kd8 53.Rc7 Rd5 54.Kf2 Rd3 55.Kg2 Ke8 56.Kf2 Kd8
57.Ke2 Rd5 58.Ke3 Ke8 59.Re7+ Kd8 60.Re5 Rd1 61.Ke2 Rd4 62.Re6 Rd5 63.c6 Rc5
64.d7 Kc7 65.Re8  1-0

[Event "Equitable Card Invitational"]
[Site "Quezon City PHI"]
[Date "2000.07.03"]
[Round "4"]
[White "Mascarinas,R"]
[Black "Dao Thien Hai"]
[Result "0-1"]
[WhiteElo "2415"]
[BlackElo "2550"]

1.Nf3 d5 2.c4 d4 3.e3 c5 4.exd4 cxd4 5.d3 Nc6 6.g3 e5 7.Bg2 Bd6 8.O-O Nge7
9.a3 a5 10.Nbd2 O-O 11.Rb1 Rb8 12.Re1 f6 13.Qc2 Be6 14.Ne4 Bc7 15.Nc5 Bg4
16.b4 Bd6 17.Ne4 axb4 18.Nxd6 Qxd6 19.axb4 Nxb4 20.Qb3 Na6 21.c5+ Qe6 22.Qxe6+ Bxe6
23.Nxd4 Bf7 24.Ba3 Rfd8 25.Nb5 Rxd3 26.Be4 Rd7 27.Rbd1 Be6 28.Nd6 Rc7 29.Nb5 Rd7
30.Nd6 b5 31.c6 Rc7 32.Nxb5 Rxb5 33.Bd6 Rb6 34.Bxc7 Nxc7 35.Rb1 Rxb1 36.Rxb1 Bd5
37.f3 f5 38.Bxd5+ Ncxd5 39.Rb5 Kf7 40.Rb7 Ke6 41.Rd7 h5 42.h4 g6 43.Rd8 Nxc6
44.Rg8 Nce7 45.Ra8 e4 46.f4 Ne3 47.Kf2 Ng4+ 48.Ke2 Nc6 49.Re8+ Kd5 50.Rg8 Ne7
51.Rd8+ Ke6 52.Ra8 Nd5 53.Ra6+ Kf7 54.Rc6 e3 55.Rc5 Ke6 56.Rc6+ Kd7 57.Rc5 Kd6
58.Rc8 Ndf6 59.Rd8+ Kc5 60.Rc8+ Kd4 61.Rc6 Ne4 62.Rxg6 Nh2  0-1

[Event "29th ch-GRE Team"]
[Site "Athens GRE"]
[Date "2000.07.07"]
[Round "2"]
[White "Skalkotas,N"]
[Black "Kapnisis,S"]
[Result "1/2-1/2"]
[WhiteElo "2285"]
[BlackElo "2320"]

1.Nf3 d5 2.c4 d4 3.g3 g6 4.Bg2 Bg7 5.d3 e5 6.O-O Ne7 7.e3 dxe3 8.fxe3 e4
9.dxe4 Qxd1 10.Rxd1 Bg4 11.Nc3 c6 12.Bd2 h5 13.Be1 Nd7 14.h3 Bxf3 15.Bxf3 h4
16.g4 Ne5 17.Be2 g5 18.Kg2 N7g6 19.b3 O-O 20.Bd3 Rfe8 21.Bc2 Nf8 22.Ne2 Ne6
23.Bc3 Nc5 24.Bd4 Ncd7 25.Rab1 Bf8 26.Bc3 a5 27.Nd4 a4 28.Nf5 axb3 29.axb3 Ra2
30.Rb2 Rea8 31.Bb1 Rxb2+ 32.Bxb2 f6 33.Bc3 Ra3 34.Bc2 Ra2 35.Rd2 Nc5 36.Bd1 Rxd2+
37.Bxd2 Nxe4 38.Ba5 Kf7 39.Bc7 Bb4 40.Bc2 Nc5 41.Bxe5 fxe5 42.Nd6+ Ke7 43.Ne4  1/2-1/2

[Event "ch-POL women"]
[Site "Brzeg Dolny POL"]
[Date "2000.07.07"]
[Round "2"]
[White "Socko,M"]
[Black "Kludacz,M"]
[Result "1-0"]
[WhiteElo "2403"]
[BlackElo "2242"]

1.Nf3 d5 2.c4 e6 3.e3 Nf6 4.Nc3 c5 5.d4 Nc6 6.Be2 Be7 7.O-O O-O 8.a3 b6 9.dxc5 bxc5
10.Qc2 Qc7 11.e4 dxe4 12.Nxe4 Bb7 13.Nxf6+ Bxf6 14.Bd3 g6 15.Be3 Ne5 16.Nxe5 Bxe5
17.f4 Bg7 18.Rad1 Rfd8 19.Kh1 Bd4 20.Bc1 Qe7 21.Be4 Rd7 22.Bxb7 Rxb7 23.b4 Rd8
24.b5 Rbd7 25.Bd2 Rd6 26.a4 Qh4 27.Ba5 R8d7 28.Qe2 Qh5 29.Qxh5 gxh5 30.g3 Bf6
31.Rxd6 Rxd6 32.Bc7 Rd7 33.b6 axb6 34.Bxb6 Be7 35.Ra1 Rb7 36.a5 Rb8 37.a6 Kf8
38.a7 Ra8 39.Rb1 Kg7 40.Rd1 Kf6 41.Rd7  1-0

[Event "29th ch-GRE Team"]
[Site "Athens GRE"]
[Date "2000.07.08"]
[Round "3"]
[White "Kourkounakis,I"]
[Black "Mastrovasilis,D"]
[Result "1-0"]
[WhiteElo "2407"]
[BlackElo "2381"]

1.Nf3 d5 2.c4 c6 3.d4 Nf6 4.e3 Bf5 5.Bd3 Bxd3 6.Qxd3 e6 7.O-O Nbd7 8.Nbd2 Be7
9.e4 dxe4 10.Nxe4 Nxe4 11.Qxe4 O-O 12.Rd1 a5 13.Bf4 a4 14.Qe2 Nf6 15.Rd3 Qa5
16.Ne5 Rac8 17.Bd2 Qa7 18.Bg5 b5 19.Rc1 h6 20.Bd2 bxc4 21.Rg3 Kh8 22.Rxc4 Qb7
23.Bc1 c5 24.Qc2 Qd5 25.Rd3 Qa8 26.Bf4 Qe4 27.Qd2 cxd4 28.Nc6 Rfe8 29.Rdxd4 Qb1+
30.Rc1 Qf5 31.Re1 Bc5 32.Rc4 Bb6 33.Be5 Ng4 34.Bd4 Rcd8 35.h3 e5 36.hxg4 Qe6
37.Rxe5 Qxe5 38.Nxe5 Rxe5 39.Qf4 Re1+ 40.Kh2  1-0

[Event "Staffordshire IM"]
[Site "Lichfield ENG"]
[Date "2000.07.08"]
[Round "3"]
[White "Ernst,S"]
[Black "Van der Vorm,T"]
[Result "1/2-1/2"]
[WhiteElo "2392"]
[BlackElo "2372"]

1.Nf3 d5 2.c4 e6 3.d4 c6 4.e3 Bd6 5.Nbd2 f5 6.g3 Nd7 7.Bg2 Qf6 8.Qa4 Ne7
9.b4 a6 10.c5 Bc7 11.Bb2 O-O 12.Qb3 g5 13.Qc3 Ng6 14.h4 g4 15.Nh2 h5 16.Nb3 a5
17.bxa5 e5 18.dxe5 Bxe5 19.Nd4 Qe7 20.f4 gxf3 21.Nhxf3 Bxg3+ 22.Kd1 Nf6 23.Ng5 Ng4  1/2-1/2

[Event "t-EuCh U18 Girls"]
[Site "Balatonlelle HUN"]
[Date "2000.07.11"]
[Round "3"]
[White "Szabo,V"]
[Black "Savic,Ma"]
[Result "0-1"]
[WhiteElo "2017"]
[BlackElo "2039"]

1.Nf3 d5 2.c4 e6 3.g3 Nf6 4.Bg2 Be7 5.O-O O-O 6.b3 Nbd7 7.Bb2 c6 8.d3 b6
9.Nbd2 Bb7 10.Rc1 Rc8 11.Re1 c5 12.cxd5 Nxd5 13.Nc4 Bf6 14.Qd2 Qe7 15.Bxf6 N7xf6
16.e4 Nb4 17.e5 Ne8 18.a3 Nc6 19.Qf4 Rd8 20.Rcd1 b5 21.Ne3 Nd4 22.Nd2 Bxg2
23.Kxg2 Nc7 24.Ne4 f6 25.exf6 gxf6 26.Qg4+ Kh8 27.Qh5 Nd5 28.Rc1 Nxb3 29.Rb1 Nd4
30.Rec1 Nxe3+ 31.fxe3 Rd5 32.Qh3 Nf5 33.Rxb5 Rxd3 34.Nxc5 Rd2+ 35.Kg1 Rc8
36.Qf1 Qd6 37.Ra5 Rc7 38.Qb5 Rd1+ 39.Rxd1 Qxd1+ 40.Qf1 Qd2 41.Rb5 Qxe3+ 42.Qf2 Qxf2+
43.Kxf2 Nd4 44.Ra5 Kg7 45.Ke3 e5 46.Ke4 Kf7 47.Kd5 Ke7 48.Ra6 h5 49.Ne4 Rd7+
50.Kc4 Ne6 51.Nf2 f5 52.Ra5 Kf6 53.Nd3 e4 54.Nb4 e3 55.Rd5 e2  0-1

[Event "Golden Cleopatra Open"]
[Site "Cairo EGY"]
[Date "2000.07.11"]
[Round "1"]
[White "Grunberg,M"]
[Black "Rahman,Y"]
[Result "1-0"]
[WhiteElo "2409"]
[BlackElo "2273"]

1.Nf3 d5 2.c4 d4 3.c5 Nc6 4.Qa4 Qd5 5.b4 e5 6.e3 Bd7 7.b5 Nd8 8.Bc4 Qe4 9.Nc3 Qf5
10.Nd5 Ne6 11.c6 bxc6 12.bxc6 Bc8 13.O-O dxe3 14.fxe3 Bd6 15.Ba3 Bxa3 16.Nd4 Qxf1+
17.Rxf1 Bd6 18.Nb5 Ne7 19.Nxd6+ cxd6 20.Nb6 axb6 21.Qxa8 O-O 22.Qa4 d5  1-0

[Event "Staffordshire IM"]
[Site "Lichfield ENG"]
[Date "2000.07.11"]
[Round "6"]
[White "Hanley,C"]
[Black "Richardson,J"]
[Result "1/2-1/2"]
[WhiteElo "2231"]
[BlackElo "2331"]

1.Nf3 d5 2.c4 e6 3.g3 Nf6 4.Bg2 Be7 5.O-O O-O 6.d4 dxc4 7.Ne5 Nc6 8.Nxc6 bxc6
9.e3 Nd5 10.Qe2 a5 11.Rd1 Ba6 12.Nc3 Rb8 13.e4 Nb4 14.Be3 Nd3 15.b3 c5 16.dxc5 Qc8
17.bxc4 Nb2 18.Nb5 Nxd1 19.Rxd1 Rd8 20.Rxd8+ Qxd8 21.e5 f6 22.exf6 Bxf6 23.a4 Qe7
24.Qe1 Rd8 25.Be4 Bxb5 26.axb5 Bd4 27.Bxd4 Rxd4 28.Bd5 Kf7 29.Qe3 Rd1+ 30.Kg2 Rb1
31.Be4 Rb4 32.Qf4+ Kg8 33.Qe5 Rxc4 34.c6 Rc5 35.Qb2 Qd8 36.Qb3 Re5 37.Bf3 Qb8
38.Qa4 Qxb5 39.Qd4 Qc5 40.Qd8+ Kf7 41.Qxc7+ Kg6 42.Qd7 Qc4 43.Qe8+ Kf6 44.Qf8+ Kg6
45.Qe8+ Kf6 46.Qf8+ Kg6 47.Qe8+ Kf6  1/2-1/2

[Event "10th It"]
[Site "Lippstadt GER"]
[Date "2000.07.11"]
[Round "6"]
[White "Dautov,R"]
[Black "Mueller,Ka"]
[Result "1/2-1/2"]
[WhiteElo "2606"]
[BlackElo "2513"]

1.Nf3 d5 2.c4 c6 3.e3 Nf6 4.Nc3 e6 5.b3 Bd6 6.Bb2 e5 7.cxd5 cxd5 8.Nb5 Nc6
9.Nxd6+ Qxd6 10.Bb5 e4 11.Nd4 O-O 12.Be2 Nxd4 13.Bxd4 Bf5 14.O-O Nd7 15.Rc1 Ne5
16.Qc2 Rfc8 17.Qb2 f6 18.Rxc8+ Rxc8 19.Rc1 Rxc1+ 20.Qxc1 a6 21.h3 Nd3 22.Qc3 Qd7
23.g4 Bg6 24.f4 Qc6 25.Qa5 Qd6 26.Kg2 h6 27.h4 Bf7 28.h5 Be6 29.Kg3 Qd7 30.Qc3 Qc8
31.Qxc8+ Bxc8 32.Bxd3 exd3 33.f5 Bd7 34.a4 Bc6 35.Kf2 Kf7 36.a5 Kg8 37.Ke1 Kf7
38.Kd1 Bb5 39.Kc1 Bc6 40.Kb2 Bb5 41.Kc3 Kg8 42.Kb4 Kf7 43.Kc5 Bc6 44.Kd6 Bb5
45.Kc7 Bc6 46.Kb6 Ke7 47.Kc5 Kf7 48.Kd6 Bb5 49.Bb2 Bc6 50.Ba3 Bb5 51.Bb4 Bc6
52.Bc5 Bb5 53.Bb6 Bc6 54.Ba7 Bb5 55.Bb6 Bc6 56.Bd8 Bb5 57.Bc7 Bc6 58.Bb8 Bb5
59.Ba7 Bc6 60.Bc5 Bb5 61.Ba3 Bc6 62.Kc7 Ke8 63.b4 Kf7 64.b5 Bxb5 65.Kxb7 Bc4
66.Kb6 Bb5 67.Kc5 Ba4 68.Kb6 Bb5  1/2-1/2

[Event "Staffordshire IM"]
[Site "Lichfield ENG"]
[Date "2000.07.12"]
[Round "7"]
[White "Beaumont,C"]
[Black "Hanley,C"]
[Result "0-1"]
[WhiteElo "2290"]
[BlackElo "2231"]

1.Nf3 d5 2.c4 e6 3.d4 dxc4 4.e3 Nf6 5.Bxc4 c5 6.O-O a6 7.Qe2 Nc6 8.Rd1 cxd4
9.exd4 Be7 10.Nc3 O-O 11.Bg5 b5 12.Bb3 Nd5 13.Bxd5 exd5 14.Bxe7 Nxe7 15.Re1 Nf5
16.Qe5 Be6 17.a4 b4 18.Ne2 Re8 19.Ng3 f6 20.Qf4 Nd6 21.h4 Qd7 22.Rac1 Rac8
23.Rc5 Nb7 24.Rxc8 Rxc8 25.Qd2 a5 26.Qe2 Kf7 27.Qa6 Rc6 28.Qa8 Qc8 29.Qa7 Qc7
30.Nf1 Nd8 31.Qa8 Qb6 32.Ne3 Kf8 33.Nd2 Rc8 34.Nxd5 Qd6 35.Ne4 Rxa8 36.Nxd6 Ra6
37.Nb7 Bxd5 38.Nxd8 Rd6 39.Rc1 Rxd8 40.Rc5 Be6 41.Rxa5 Rxd4 42.Rb5 b3 43.a5 Rxh4
44.Rb6 Ke7 45.Rb7+ Bd7 46.a6 Ra4 47.a7 Kd6 48.Rxb3 Rxa7 49.Re3 Rb7 50.Re2 Bb5
51.Rd2+ Ke5 52.Kh2 g5 53.Rc2 Bd3 54.Rd2 Rb3 55.Kg1 Ke4 56.Kh2 h5 57.Kg1 h4
58.Kh2 f5 59.Kg1 g4 60.Kh2 f4  0-1

[Event "ch-POL women"]
[Site "Brzeg Dolny POL"]
[Date "2000.07.13"]
[Round "8"]
[White "Radziewicz,I"]
[Black "Matras,A"]
[Result "1-0"]
[WhiteElo "2379"]
[BlackElo "2232"]

1.Nf3 d5 2.c4 c6 3.e3 Nf6 4.Nc3 Bf5 5.cxd5 cxd5 6.Qb3 Bc8 7.Ne5 Nc6 8.Bb5 Bd7
9.Bxc6 bxc6 10.d4 e6 11.Nd3 Bd6 12.Qc2 O-O 13.Bd2 Qe7 14.f4 Rfc8 15.b4 a5
16.Na4 Ne4 17.O-O Nxd2 18.Qxd2 Bc7 19.a3 f6 20.Nac5 Be8 21.Rac1 e5 22.fxe5 fxe5
23.Nxe5 Bxe5 24.dxe5 axb4 25.Qxb4 Bg6 26.Qc3 Re8 27.e6 Qg5 28.Rf4 Rf8 29.Rcf1 Qe7
30.Rxf8+ Rxf8 31.Rxf8+ Qxf8 32.a4 Qf5 33.h3 Qb1+ 34.Kh2 Bf5 35.Qe5 Bg6 36.e7 Be8
37.e4 Qb4 38.Qe6+ Kh8 39.Qc8  1-0

[Event "2nd ShakkiNet GM"]
[Site "Helsinki FIN"]
[Date "2000.07.13"]
[Round "4"]
[White "Gavrikov,Vi"]
[Black "Karttunen,M"]
[Result "1/2-1/2"]
[WhiteElo "2563"]
[BlackElo "2313"]

1.Nf3 d5 2.c4 c6 3.e3 Nf6 4.Nc3 g6 5.d4 Bg7 6.Be2 O-O 7.O-O e6 8.b4 dxc4
9.Bxc4 b5 10.Bd3 a5 11.bxa5 b4 12.Ne4 Rxa5 13.Ned2 Nbd7 14.Qc2 Bb7 15.Nb3 Rh5
16.Be2 c5 17.Ne5 Rg5 18.Bf3 Bxf3 19.Nxf3 Rh5 20.Bd2 Qb6 21.Rab1 Ra8 22.Nxc5 Nxc5
23.Rxb4 Qa7 24.dxc5 Rxc5 25.Qb1 Qxa2 26.Rb8+ Bf8 27.Qxa2 Rxa2 28.Bb4 Nd7
29.Rd8 Rb5 30.Be7 Ra7 31.Rd1 Kg7 32.Nd4 Rd5 33.Bxf8+ Nxf8 34.Rxd5 exd5 35.Nb5 Rd7
36.Nc3 d4 37.exd4 Rc7 38.Ne4 Nd7 39.Kf1 f5 40.Ng5 Nf8 41.Ke2 Kf6 42.Nf3 Ne6
43.g3 Rd7 44.Rd2 g5 45.Ke3 h5 46.Ne5 Rc7 47.Kd3 Rc8 48.Re2 Rd8 49.Nc6 Rd6
50.Rc2 h4 51.f3 Rd7 52.Kc4 Nc7 53.Nb4 Ke7 54.Re2+ Kd6 55.Re5 Rf7 56.Rc5 g4
57.f4 h3 58.Nd3 Ne6 59.Ne5 Rc7 60.Rxc7 Nxc7 61.Kd3 Nd5 62.Nc4+ Ke6 63.Nd2 Kd6
64.Nf1 Ke6 65.Kd2 Nf6 66.Kc3 Ne4+ 67.Kc4 Kd6 68.d5 Kd7 69.Kd3 Kc7 70.Ke3 Kd7
71.Kd4 Kd6 72.Kc4  1/2-1/2

[Event "Golden Cleopatra Open"]
[Site "Cairo EGY"]
[Date "2000.07.15"]
[Round "5"]
[White "Grunberg,M"]
[Black "Sameeh,H"]
[Result "1/2-1/2"]
[WhiteElo "2409"]
[BlackElo "2292"]

1.Nf3 d5 2.c4 d4 3.e3 Nc6 4.d3 e5 5.a3 a5 6.exd4 exd4 7.g3 Bg4 8.Bg2 Qe7+
9.Kf1 Nf6 10.h3 Bf5 11.Nh4 Bd7 12.b4 axb4 13.Ra2 Qd8 14.Re2+ Be7 15.axb4 Nxb4
16.Ba3 c5 17.Bxb4 cxb4 18.Bxb7 Ra7 19.Bg2 O-O 20.Kg1 Be6 21.Nf3 Qd6 22.Nbd2 Nd7
23.Nb3 Bf6 24.Nfd2 Bf5 25.Be4 Be6 26.Bg2  1/2-1/2

[Event "Chesswise International"]
[Site "Stratton Mountain USA"]
[Date "2000.07.15"]
[Round "8"]
[White "Donaldson,J"]
[Black "Reefat,S"]
[Result "1-0"]
[WhiteElo "2396"]
[BlackElo "2467"]

1.Nf3 d5 2.c4 e6 3.g3 dxc4 4.Bg2 c6 5.a4 Nf6 6.O-O a5 7.Qc2 Qd5 8.Ne1 Qh5
9.Qxc4 e5 10.d4 Be6 11.Qd3 Nbd7 12.dxe5 Ng4 13.h4 Ngxe5 14.Qc2 Be7 15.Nf3 Bf5
16.Qc3 Bf6 17.Nxe5 Bxe5 18.Qa3 O-O-O 19.Nc3 h6 20.Ne4 Qxe2 21.Nd6+ Bxd6 22.Qxd6 Qd3
23.Qf4 g5 24.hxg5 hxg5 25.Qxg5 Bh3 26.Be3 Rdg8 27.Qf4 Qh7 28.Rfd1 Bxg2 29.Kxg2 Qh3+
30.Kf3 Qh5+ 31.Kg2 Qh3+ 32.Kf3 Rg4 33.Qxg4  1-0

[Event "10th Smith & Williamson YM"]
[Site "Witley ENG"]
[Date "2000.07.15"]
[Round "2"]
[White "Werle,J"]
[Black "Addison,B"]
[Result "1/2-1/2"]
[WhiteElo "2311"]
[BlackElo "2215"]

1.Nf3 d5 2.c4 e6 3.d4 Nf6 4.Nc3 Be7 5.e3 O-O 6.Bd3 b6 7.O-O Bb7 8.b3 c5 9.Bb2 Nbd7
10.Rc1 Rc8 11.Qe2 cxd4 12.exd4 dxc4 13.bxc4 Bxf3 14.Qxf3 e5 15.Nb5 exd4 16.Nxa7 Ne5
17.Qe2 Ra8 18.Qxe5 Rxa7 19.Rcd1 Bc5 20.Bb1 Rd7 21.Bf5 Rd6 22.Rd2 Re8 23.Qf4 g6
24.Bb1 Nh5 25.Qg4 Ng7 26.a3 f5 27.Qg3 Qf6 28.Qd3 Ne6 29.Re1  1/2-1/2

[Event "Aegean Open"]
[Site "Agios Kyrikos GRE"]
[Date "2000.07.16"]
[Round "2"]
[White "Khetsuriani,B"]
[Black "Mihailidis,A"]
[Result "1-0"]
[WhiteElo "2417"]
[BlackElo "2126"]

1.Nf3 d5 2.c4 e6 3.g3 Nf6 4.Bg2 c5 5.cxd5 exd5 6.d4 cxd4 7.O-O Nc6 8.Nxd4 Bc5
9.Nxc6 bxc6 10.Qc2 Qb6 11.Nc3 Be7 12.Na4 Qb7 13.Be3 O-O 14.Rac1 Bg4 15.h3 Bd7
16.Bc5 Rfe8 17.Bxe7 Rxe7 18.Nc5 Qc8 19.Nxd7 Qxd7 20.e3 Rc8 21.Rfd1 c5 22.Qd3 Re5
23.e4 d4 24.b4 cxb4 25.Rxc8+ Qxc8 26.Qxd4 Qc3 27.Qxa7 g6 28.Qd4 Kg7 29.Kh2 Ra5
30.Qd2 Qc4 31.e5 Rxe5 32.Rc1 Re2 33.Rxc4 Rxd2 34.Rxb4 Rxa2 35.Kg1 h5 36.Bf1 Ra7
37.Kg2 Ra2 38.Rb7 Rd2 39.Bc4 Rd7 40.Rb2 Rc7 41.Be2 Rd7 42.Bf3 Rd4 43.Kf1 Ne4
44.Ke2 Nc3+ 45.Ke3 Nd1+ 46.Kxd4 Nxb2 47.Be2 Na4 48.Bb5 Nb6 49.Ke5 Nc8 50.Bd7 Ne7
51.f4 f6+ 52.Kd6 Ng8 53.Be6 Nh6 54.Ke7 f5 55.Bd5 g5 56.fxg5 h4 57.gxh4 Kg6
58.Ke6 f4 59.Ke5 f3 60.Bxf3 Nf7+ 61.Kf4 Kg7 62.Bd5  1-0

[Event "ch-Paris"]
[Site "Paris FRA"]
[Date "2000.07.16"]
[Round "2"]
[White "Paci,C"]
[Black "Bergez,L"]
[Result "1-0"]
[WhiteElo "2179"]
[BlackElo "2413"]

1.Nf3 d5 2.c4 c6 3.d4 e6 4.Nc3 Nf6 5.Bg5 dxc4 6.a4 Bb4 7.e4 b5 8.e5 h6 9.exf6 hxg5
10.fxg7 Rg8 11.h4 Rxg7 12.h5 Nd7 13.h6 Rh7 14.Qc2 Nf8 15.axb5 g4 16.Ne5 cxb5
17.Qe4 Qd5 18.Qxg4 Bb7 19.Rh5 f5 20.Qh4 Qd6 21.Be2 Qe7 22.Qf4 a6 23.g4 fxg4
24.Kf1 O-O-O 25.Bxg4 Qd6 26.Ne2 Nd7 27.Bf3 Rf8 28.Bxb7+ Kxb7 29.Qe4+ Kb6
30.Qxh7 Nf6 31.Qg6 Qe7 32.Rh2 Rg8 33.Qxg8 Nxg8 34.h7  1-0

[Event "ch-Paris"]
[Site "Paris FRA"]
[Date "2000.07.16"]
[Round "2"]
[White "Nikcevic,N"]
[Black "Mazet,J"]
[Result "1-0"]
[WhiteElo "2473"]
[BlackElo "2190"]

1.Nf3 d5 2.c4 e6 3.b3 Nf6 4.g3 Be7 5.Bg2 O-O 6.O-O a5 7.Nc3 c6 8.d4 Nbd7
9.Qc2 b6 10.e4 Ba6 11.e5 Ne8 12.Rd1 dxc4 13.Ne4 cxb3 14.axb3 h6 15.g4 Nc7
16.g5 Nd5 17.gxh6 g6 18.Neg5 Qe8 19.h4 Bxg5 20.Nxg5 f6 21.Nxe6 Nb4 22.Qb1 fxe5
23.Nxf8 Nxf8 24.Ba3  1-0

[Event "zt 2.32"]
[Site "Guatemala City GUA"]
[Date "2000.07.17"]
[Round "4"]
[White "Valdes,Le"]
[Black "Romero,Ar"]
[Result "1-0"]
[WhiteElo "2308"]
[BlackElo "2150"]

1.Nf3 d5 2.c4 c6 3.b3 Bf5 4.g3 e6 5.Bb2 Nf6 6.Bg2 Nbd7 7.O-O Be7 8.d3 O-O
9.Nbd2 h6 10.a3 a5 11.Qc2 Bh7 12.Bc3 b5 13.cxb5 cxb5 14.Bd4 Rc8 15.Qb2 Qc7
16.Rac1 Qb8 17.Ne5 Nxe5 18.Bxe5 Qb7 19.b4 axb4 20.axb4 Rxc1 21.Rxc1 Rc8 22.Bc3 Nd7
23.Nb3 Bf8 24.Ra1 Qc7 25.Bd4 Nb6 26.Qd2 Na4 27.Rc1 Qb8 28.Nc5 Nxc5 29.Bxc5 Bg6
30.d4 Qb7 31.e3 f6 32.Bf1 Be8 33.Bd3 f5 34.Qb2 Bd7 35.Rc3 Be8 36.Qc1 Bd7
37.Bxf8 Rxc3 38.Qxc3 Kxf8 39.Qc5+ Kf7 40.Be2 g6 41.h4 h5 42.Bf1 Bc6 43.Qd6 Qd7
44.Qb8 Qe8 45.Qe5 Qd8 46.Be2 Bd7 47.Qd6 Qc8 48.Qb6 Qe8 49.Qb7 Kg8 50.f3 Bc6
51.Qb6 Qd7 52.Kf2 Kf7 53.Qb8 Qe8 54.Qxe8+ Kxe8 55.g4 hxg4 56.fxg4 Ke7 57.Kg3 fxg4
58.Bxg4 Kf7 59.Kf4 Be8 60.Bh3 Bd7 61.Bg2 Bc6 62.e4 dxe4 63.Bxe4 Bd5 64.Bd3 Bc6
65.Be2 Be8 66.Bf3 Bd7 67.Bb7 Be8 68.Bf3 Bd7 69.Bh1 Be8 70.Bb7 Bd7 71.Ke4 Be8
72.d5 exd5+ 73.Bxd5+ Ke7 74.Ke5 Bd7 75.Be4 Be8 76.Bd3 Kf7 77.Kd6 Kf6 78.Kc5 g5
79.hxg5+ Kxg5 80.Bxb5 Bh5 81.Ba4 Be2 82.Bb3 Kf6 83.Bc4 Bf3 84.Kd6 Kg7 85.b5 Kf8
86.Bd5 Be2 87.b6 Ba6 88.Kc7 Ke7 89.Bf3 Ke8 90.Bg4 Ke7 91.Bc8  1-0

[Event "ch-Paris"]
[Site "Paris FRA"]
[Date "2000.07.18"]
[Round "4"]
[White "Spiridonov,N"]
[Black "Licayan,A"]
[Result "1-0"]
[WhiteElo "2400"]
[BlackElo "2194"]

1.Nf3 d5 2.c4 d4 3.g3 c5 4.b4 Nf6 5.Bg2 Qc7 6.O-O e5 7.d3 Nc6 8.b5 Nd8 9.e3 Ne6
10.Re1 Bd6 11.a4 O-O 12.exd4 exd4 13.Ra2 Bd7 14.a5 Rad8 15.a6 b6 16.Rae2 Rfe8
17.Ne5 Re7 18.Nxd7 Nxd7 19.Nd2 Nf6 20.Ne4 Nxe4 21.Bxe4 h6 22.Bd5 Rde8 23.Bc6 Rf8
24.Kg2 Rd8 25.h4 Rf8 26.Re4 Nd8 27.Rxe7 Bxe7 28.Bd5 Qd7 29.Qh5 Bf6 30.Qf3 Be7
31.Re4 Kh7 32.Re5 Bd6 33.Be4+ Kg8 34.Rd5 Qe7 35.Rh5 Qe6 36.Rf5 Kh8 37.h5 Qe7
38.Bd2 Ne6 39.Bd5 Kg8 40.Qg4 Kh8 41.Qe4 Kg8 42.Bxe6 Qxe6 43.Qxe6 fxe6 44.Rxf8+ Kxf8
45.Kf3 Kf7 46.Ke4 Kf6 47.f4 g6 48.g4 gxh5 49.gxh5 Bf8 50.Ba5  1-0

[Event "ch-SCO"]
[Site "Glasgow SCO"]
[Date "2000.07.20"]
[Round "6"]
[White "Norris,A"]
[Black "Rutherford,E"]
[Result "1-0"]
[WhiteElo "2299"]
[BlackElo "2050"]

1.Nf3 d5 2.c4 Nf6 3.g3 Bg4 4.Bg2 c6 5.b3 Bxf3 6.Bxf3 e5 7.Bb2 Nbd7 8.O-O Be7
9.d3 O-O 10.Na3 Qa5 11.Nc2 Rfe8 12.Qe1 Qb6 13.e4 d4 14.Be2 c5 15.f4 a5 16.Rb1 Nb8
17.Bc1 Nfd7 18.f5 Nc6 19.a4 Qd8 20.h4 Ndb8 21.Na3 Na6 22.Kg2 Nc7 23.Kh3 Ra6
24.Rf3 Rb6 25.Nb5 Nb4 26.Rb2 Ra6 27.g4 Ra8 28.g5 Nxb5 29.cxb5 f6 30.Qg3 Qd7
31.Qg4 b6 32.Bd1 Ra7 33.Rg2 Rf8 34.Rfg3 Bd8 35.Kh2 Rc7 36.Qh5 Ra7 37.Kg1 Rc7
38.g6 h6 39.Bxh6 gxh6 40.Qxh6 Qg7 41.Qc1 Re8 42.h5 Ree7 43.h6 Qh8 44.Qc4+ Kf8
45.g7+ Rxg7 46.hxg7+ Rxg7 47.Rxg7 Qxg7 48.Rxg7 Kxg7 49.Bh5  1-0

[Event "ch-SCO"]
[Site "Glasgow SCO"]
[Date "2000.07.21"]
[Round "7"]
[White "Norris,A"]
[Black "Shaw,J"]
[Result "1-0"]
[WhiteElo "2299"]
[BlackElo "2435"]

1.Nf3 d5 2.c4 c6 3.b3 Nf6 4.g3 Bg4 5.Bg2 e6 6.O-O Nbd7 7.d3 Bd6 8.Na3 O-O
9.Nc2 a5 10.Rb1 Re8 11.a3 h6 12.b4 axb4 13.axb4 dxc4 14.dxc4 Ne5 15.Ne3 Nxf3+
16.exf3 Bh5 17.Bb2 Be7 18.Qb3 Bg6 19.Ra1 Qb6 20.Bc3 Kf8 21.Qb2 Red8 22.Rfe1 h5
23.Bf1 c5 24.b5 Ne8 25.f4 Bf6 26.Be5 Bxe5 27.fxe5 Nc7 28.Bg2 Rxa1 29.Qxa1 Rd4
30.Rd1 Ke8 31.h4 Kd8 32.Qa3 Rxd1+ 33.Nxd1 Kc8 34.Nc3 Kb8 35.Be4 Qa7 36.Qxa7+ Kxa7
37.Bxg6 fxg6 38.Na4 Na8 39.Nxc5 Nb6 40.Nxe6 Nxc4 41.f4 Kb6 42.Nxg7 Kc5 43.Kf2 Na3
44.Ne6+ Kd5 45.Nf8 Nxb5 46.Nxg6 Nd4 47.Ne7+ Ke4 48.Nc8 b5 49.Nd6+ Kd5 50.Ke3 b4
51.Kd3 b3 52.Ne4 Nf5 53.Nc3+ Kc5 54.Ne2 Kb4 55.Kd2 b2 56.Kc2 Ka3 57.Nc3 Nxg3
58.e6 Nf5 59.Kd3 Kb4 60.Nb1 Kc5 61.Ke4 Ne7 62.Ke5 Ng6+ 63.Kf5 Ne7+ 64.Kf6  1-0

[Event "10th Open"]
[Site "Jyvaskyla FIN"]
[Date "2000.07.22"]
[Round "7"]
[White "Nyback,T"]
[Black "Leino,J"]
[Result "1-0"]
[WhiteElo "2162"]
[BlackElo "2228"]

1.Nf3 d5 2.c4 e6 3.g3 b6 4.cxd5 exd5 5.d4 Nf6 6.Bg2 Bb4+ 7.Nc3 O-O 8.O-O Bb7
9.Ne5 Ne4 10.Qc2 Bxc3 11.bxc3 Nd7 12.c4 f6 13.cxd5 fxe5 14.Bxe4 Nf6 15.Bg5 exd4
16.Rad1 h6 17.Bxf6 Qxf6 18.Qxc7 Ba6 19.Bd3 Rac8 20.Qxa7 Bxd3 21.Rxd3 Ra8
22.Qc7 Rxa2 23.Rf3 Qd8 24.Rxf8+ Qxf8 25.d6 Ra5 26.Rd1 Qa8 27.Qc4+ Qd5 28.Qxd4  1-0

[Event "MTO Open"]
[Site "Biel SUI"]
[Date "2000.07.27"]
[Round "4"]
[White "Hess,C"]
[Black "Arbinger,R"]
[Result "1/2-1/2"]
[WhiteElo "2296"]
[BlackElo "2050"]

1.Nf3 d5 2.c4 c6 3.cxd5 cxd5 4.d4 Nc6 5.Nc3 Nf6 6.Bf4 Bf5 7.e3 e6 8.Qb3 Bb4
9.Bb5 Bxc3+ 10.Qxc3 Rc8 11.Ne5 O-O 12.Nxc6 bxc6 13.Ba6 Ne4 14.Qa3 g5 15.Be5 f6
16.Bxc8 fxe5 17.Ba6 exd4 18.exd4 Qb6 19.f3 Qxd4 20.fxe4 Qxe4+ 21.Be2 Bg4
22.Qd3 Qxg2 23.Rf1 Rxf1+ 24.Bxf1 Qxb2 25.Rb1 Qe5+ 26.Be2 Bf5 27.Qb3 Bxb1
28.Qxb1 Qxh2 29.Qb7 Qg1+ 30.Kd2 Qd4+ 31.Bd3 Qf2+ 32.Kc3 Qc5+ 33.Kd2 Qf2+
34.Kc3 Qc5+ 35.Kd2  1/2-1/2

[Event "Open"]
[Site "Bergen NOR"]
[Date "2000.07.28"]
[Round "8"]
[White "Agopov,M"]
[Black "Nielsen,PH"]
[Result "0-1"]
[WhiteElo "2399"]
[BlackElo "2578"]

1.Nf3 d5 2.c4 c6 3.b3 Bg4 4.e3 Nd7 5.Bb2 e6 6.h3 Bh5 7.d4 Ngf6 8.Nbd2 Bd6
9.Bd3 O-O 10.Qc2 Qe7 11.Ne5 Bg6 12.Nxg6 hxg6 13.O-O e5 14.e4 dxe4 15.Bxe4 Rfe8
16.dxe5 Bxe5 17.Bd3 Bxb2 18.Qxb2 a5 19.Nf3 a4 20.b4 a3 21.Qb3 Ne5 22.Be2 Nfd7
23.Rac1 c5 24.b5 Nf8 25.Rc3 Ne6 26.Re3 Nd4 27.Qd1 Qf6 28.Nxe5 Rxe5 29.Bf3 Nxf3+
30.Rxf3 Qe6 31.Qc1 Ra4 32.Rxa3 Rxc4 33.Rc3 Ree4 34.Rd1 Rcd4 35.Kf1 Qxa2 36.Rxd4 Qe2+
37.Kg1 Rxd4 38.Qa3 b6 39.Qa8+ Kh7 40.Rf3  0-1

[Event "Open"]
[Site "Kavala GRE"]
[Date "2000.07.28"]
[Round "5"]
[White "Mastrovasilis,D"]
[Black "Mastrovasilis,A"]
[Result "1/2-1/2"]
[WhiteElo "2386"]
[BlackElo "2372"]

1.Nf3 d5 2.c4 c6 3.d4 Nf6 4.Nc3 dxc4 5.a4 Bf5 6.e3 e6 7.Bxc4 Bb4 8.O-O Nbd7
9.Qb3 a5 10.Na2 Be7 11.Qxb7 Rb8 12.Qa6 Ra8 13.Qb7 Rb8 14.Qa6  1/2-1/2

[Event "KB Czech Open"]
[Site "Pardubice CZE"]
[Date "2000.07.29"]
[Round "9"]
[White "Stocek,J"]
[Black "Filipenko,A"]
[Result "1-0"]
[WhiteElo "2514"]
[BlackElo "2373"]

1.Nf3 d5 2.c4 c6 3.g3 dxc4 4.Bg2 Nf6 5.O-O Na6 6.Na3 Qd5 7.Re1 Qc5 8.b3 cxb3
9.d4 Qh5 10.Qxb3 e6 11.e4 Bb4 12.Re2 Qa5 13.Nc4 Qd8 14.Ba3 Qe7 15.Bxb4 Qxb4
16.Qxb4 Nxb4 17.Rb1 Na6 18.Nd6+ Ke7 19.Nxb7 Nxe4 20.Rb3 Nc3 21.Rxc3 Bxb7
22.Ne5 Rac8 23.Rb2 Rc7 24.Ra3 f6 25.Nf3 c5 26.Rxb7 Rxb7 27.Rxa6 Rc8 28.Bh3 c4
29.Rxe6+ Kf8 30.Re3 Rcc7 31.Rc3 Rb6 32.Bf1 Rb1 33.Kg2 Ra1 34.Rxc4 Rxc4 35.Bxc4 Ke7
36.Nd2 Rd1 37.Nb3 Kd6 38.Kf3 g6 39.Ke3 Re1+ 40.Kd2 Rh1 41.h4 f5 42.Ke2 f4
43.Nd2 fxg3 44.fxg3 Ke7 45.Ne4 Rc1 46.Bb3 a5 47.Kd3 Ra1 48.d5 a4 49.Bxa4 Rxa2
50.d6+ Kd8 51.Nf6  1-0

[Event "MTO Open"]
[Site "Biel SUI"]
[Date "2000.07.30"]
[Round "6"]
[White "Hess,C"]
[Black "Ernst,H"]
[Result "1-0"]
[WhiteElo "2296"]
[BlackElo "2146"]

1.Nf3 d5 2.c4 e6 3.g3 c5 4.Bg2 Nc6 5.O-O Nf6 6.cxd5 exd5 7.d4 Bf5 8.Nc3 Be7
9.Bg5 O-O 10.Rc1 c4 11.Ne5 Be6 12.b3 cxb3 13.Nxc6 bxc6 14.Qxb3 Ne4 15.Bxe7 Qxe7
16.Qa4 Nxc3 17.Rxc3 Bd7 18.e3 Rfb8 19.Rb3 Rxb3 20.Qxb3 Bf5 21.Rc1 Qe8 22.Qa4 Bd7
23.Qa3 h6 24.h4 Qf8 25.Qa5 Qb8 26.Qa3 Qf8 27.Qa4 Qd6 28.Bf1 Qg6 29.Qa6 Qe4
30.Bd3 Qe8 31.Rb1 Bc8 32.Qa4 Qd7 33.Rc1 Qc7 34.Qxc6  1-0